Drapeaux des pays du monde en 1910 - Statistiques

Statistiques générales
  • Ce quiz a été pris 16 886 fois
    16 713 depuis la dernière actualisation
  • Le résultat moyen est 37 sur 67
Statistiques - réponses
Par images Réponse % Correct
Japon
99%
Russie
98%
États-Unis
97%
Belgique
96%
France
96%
Pays-Bas
96%
Suisse
96%
Luxembourg
92%
Espagne
90%
Suède
90%
Norvège
89%
Danemark
86%
Royaume-Uni
85%
Australie
83%
Nouvelle-Zélande
82%
Uruguay
82%
Bulgarie
79%
Chili
79%
Monaco
78%
Panama
78%
Chine
77%
Saint-Marin
76%
Pérou
75%
Brésil
74%
Émirat de Nedjd et Hassa
74%
Argentine
72%
Liberia
72%
Mexique
71%
Népal
69%
Colombie
67%
Paraguay
67%
Roumanie
67%
Équateur
63%
Venezuela
61%
Autriche-Hongrie
60%
Cuba
57%
Italie
57%
Costa Rica
54%
Honduras
54%
Serbie
54%
Empire ottoman
53%
Haïti
51%
Nicaragua
51%
République dominicaine
50%
Guatemala
44%
Bolivie
42%
Allemagne
40%
Portugal
38%
Siam
35%
Afghanistan
26%
Liechtenstein
25%
Canada
17%
Monténégro
16%
Grèce
14%
Andorre
13%
Maroc
13%
Perse
11%
Éthiopie
10%
Terre-Neuve
10%
Afrique du Sud
8%
Salvador
4%
Émirat de Haïl
2%
Asir
1%
Derviches
1%
Johor
1%
Mbunda
1%
Najran
1%
Aucun quiz correspondant
Distribution des résultats
% des personnes avec chaque résultat
Percentile par nombre de réponses
Votre historique - résultats
Vous n’avez pas pris ce quiz depuis la dernière actualisation